From popular movement to rebellion : (Record no. 169038)

MARC details
000 -LEADER
fixed length control field 00624nam a2200193 4500
005 - DATE AND TIME OF LATEST TRANSACTION
control field 20191104152101.0
010 ## - LCCN (DPL NO)
LC control number ENG-126809
020 ## - INTERNATIONAL STANDARD BOOK NUMBER
International Standard Book Number 9789383166299
Terms of availability 1750.00
035 ## - SYSTEM CONTROL NUMBER
System control number EN-110341
037 ## - SOURCE OF ACQUISITION
Source of stock number/acquisition DBAD/PUB
082 ## - DEWEY DECIMAL CLASSIFICATION NUMBER
Classification number 322.420
245 ## - TITLE STATEMENT
Title From popular movement to rebellion :
Statement of responsibility, etc ed.by Ranabir Samaddar
Remainder of title the naxalite decade /
260 ## - PUBLICATION, DISTRIBUTION, ETC. (IMPRINT)
Place of publication, distribution, etc New Delhi
Name of publisher, distributor, etc Esha Bereille
Date of publication, distribution, etc 2018
270 ## - ADDRESS
Address Social Science Press, 69 Jor Bagh, New Delhi
Postal code 110003
300 ## - PHYSICAL DESCRIPTION
Extent xiii;576p.
Dimensions 22cm(Hb)
500 ## - GENERAL NOTE
General note Includes bibliographical references
700 ## - ADDED ENTRY--PERSONAL NAME
Personal name Samaddar, Ranbir
942 ## - ADDED ENTRY ELEMENTS (KOHA)
Source of classification or shelving scheme Dewey Decimal Classification
Item type English Books
Classification part 322.420
Call number suffix FRO
Holdings
Withdrawn status Lost status Not for loan Collection code Home library Current library Date acquired Source of acquisition Cost, normal purchase price Full call number Barcode Copy number Cost, replacement price Koha item type
      Non-fiction Bawana Bawana 04/11/2019 DBAD/PUB 1750.00 322.420 FRO EN-110341 1 1750.00 English Books

© Delhi Public Library
Hit Counter
free hit counter